000 01017cam a2200349 i 4500
001 115275
005 20230410103903.0
008 130527s2013 fr b 000 0 fre
035 _a17778554
010 _a 2013395821
020 _a9782365833547
035 _a(FrPJT)JTL00327264
040 _aDLC
_beng
_cDLC
_erda
042 _apcc
043 _aa-ir---
_aa-is---
050 1 4 _a416 DS 135
_bA517i 2013
100 1 _aAmir-Aslani, Ardavan.
245 1 0 _aIran et Israel, Juifs et Perses /
_cArdavan Amir-Aslani ; preface d'Alexandre Adler.
260 _aParis :
_bNouveau monde editions,
_c[2013]
300 _a235 p. ;
_c23 cm
504 _aIncludes bibliographical references.
650 0 _aJews
_zIran.
650 0 _aJews, Iranian
_zIsrael.
650 4 _aJudios
_zIran.
650 4 _aJudios, IranĂ­
_zIsrael.
651 0 _aIran
_xRelations
_zIsrael.
651 0 _aIsrael
_xRelations
_zIran.
923 _d20130605
_nB10005614
_sFrPJT
942 _2lcc
_cbk
985 _eVENDOR LOAD
946 _aJaaM
999 _c27778
_d27778